PARATEXTS in English printed drama to 1642 single text and collected editions, 1624-1642
Պահպանված է:
| Ձևաչափ: | Գիրք |
|---|---|
| Լեզու: | անգլերեն |
| Հրապարակվել է: |
Cambridge University Press
2014
|
| Ցուցիչներ: |
Ավելացրեք ցուցիչ
Չկան պիտակներ, Եղեք առաջինը, ով նշում է այս գրառումը!
|
MARC
| LEADER | 00000nam a22000007a 4500 | ||
|---|---|---|---|
| 008 | 210707b ||||| |||| 00| 0 eng d | ||
| 020 | |a 9781107037984 | ||
| 245 | |a PARATEXTS in English printed drama to 1642 |b single text and collected editions, 1624-1642 |c edited by Thomas L.Berger and Sonia Massai |g various pagings | ||
| 250 | |c Berger, Thomas L. | ||
| 250 | |c Massai, Sonia | ||
| 260 | |b Cambridge University Press |c 2014 |h New York |i 69471 |i 696471 |i 696473 |i 696474 |l PR651.P21 |m English drama- Early modern and Elizabethan 1500-1600-Criticism, textual |m English drama-17th century- Criticism, Textual |m Paratext | ||
| 500 | |a Volume 2 | ||
| 942 | |a lcc |c BK |e O.A.JOHNSON |f 07/07/21 | ||
| 952 | |0 0 |1 0 |2 lcc |4 0 |6 PR0651 P21 |7 0 |9 2729 |a ART |b HOL |c LP |d 2021-07-07 |l 0 |o PR651.P21 |p 2021-6574 |r 2021-07-07 00:00:00 |w 2021-07-07 |y BK | ||
| 952 | |0 0 |1 0 |2 lcc |4 0 |7 0 |9 2730 |a HOL |b HOL |c LP |d 2021-07-07 |o PR651.P21 |p 2021-6576 |r 2021-07-07 00:00:00 |w 2021-07-07 |y BK | ||
| 952 | |0 0 |1 0 |2 lcc |4 0 |7 0 |9 2731 |a HOL |b HOL |c LP |d 2021-07-07 |o PR651.P21 |p 2021-6577 |r 2021-07-07 00:00:00 |w 2021-07-07 |y BK | ||
| 952 | |0 0 |1 0 |2 lcc |4 0 |6 PR0651 P21 |7 0 |9 2732 |a HOL |b HOL |c LP |d 2021-07-07 |l 0 |o PR651.P21 |p 2021-6575 |r 2021-07-07 00:00:00 |w 2021-07-07 |y BK | ||
| 999 | |c 1418 |d 1418 | ||